000
00318nam a22001337a 4500
008
171023b xxu||||| |||| 00| 0 eng d
020
_a
9780131862142
041
_a
eng
080
_2
2ND
_a
338
100
_a
54
101
_a
MEN
245
_a
PRODUCTION PLANNING AND INVENTORY CONTROL
_c
NARASIMHAN,S
942
_2
udc
_c
BK
999
_c
35356
_d
35356